<?xml version="1.0" encoding="UTF-8"?>
<record
    xmlns:xsi="http://www.w3.org/2001/XMLSchema-instance"
    xsi:schemaLocation="http://www.loc.gov/MARC21/slim http://www.loc.gov/standards/marcxml/schema/MARC21slim.xsd"
    xmlns="http://www.loc.gov/MARC21/slim">

  <leader>02439nam a22003737a 4500</leader>
  <controlfield tag="003">OSt</controlfield>
  <controlfield tag="005">20260604091600.0</controlfield>
  <controlfield tag="008">260604b        |||||||| |||| 00| 0 eng d</controlfield>
  <datafield tag="040" ind1=" " ind2=" ">
    <subfield code="c">Foundation University </subfield>
    <subfield code="a">Foundation University </subfield>
    <subfield code="b">eng</subfield>
    <subfield code="d">Foundation University </subfield>
  </datafield>
  <datafield tag="050" ind1=" " ind2=" ">
    <subfield code="a">GS (MAEDAdSup-Th) LG 221 D35 G73</subfield>
    <subfield code="b">A6 E38 A36 1988 V55</subfield>
  </datafield>
  <datafield tag="100" ind1=" " ind2=" ">
    <subfield code="a">Villamor, George M.,</subfield>
    <subfield code="9">7977</subfield>
    <subfield code="e">author.</subfield>
  </datafield>
  <datafield tag="245" ind1=" " ind2=" ">
    <subfield code="a">The profile of teachers and the problems encountered in teaching agriculture in the public elementary and secondary schools of Dumaguete City /</subfield>
    <subfield code="c">by  George M. Villamor.</subfield>
  </datafield>
  <datafield tag="260" ind1=" " ind2=" ">
    <subfield code="a">Dumaguete City :</subfield>
    <subfield code="b">Foundation University ,</subfield>
    <subfield code="c">1988.</subfield>
  </datafield>
  <datafield tag="264" ind1=" " ind2=" ">
    <subfield code="4">1988.</subfield>
  </datafield>
  <datafield tag="300" ind1=" " ind2=" ">
    <subfield code="a">xix, 152 leaves :</subfield>
    <subfield code="b">illustrations ;</subfield>
    <subfield code="c">28 cm.</subfield>
    <subfield code="3">thesis</subfield>
    <subfield code="f">leaves</subfield>
  </datafield>
  <datafield tag="336" ind1=" " ind2=" ">
    <subfield code="3">rdacontent</subfield>
    <subfield code="a">text</subfield>
    <subfield code="b">txt</subfield>
  </datafield>
  <datafield tag="337" ind1=" " ind2=" ">
    <subfield code="3">rdamedia</subfield>
    <subfield code="a">unmediated</subfield>
    <subfield code="b">n</subfield>
  </datafield>
  <datafield tag="338" ind1=" " ind2=" ">
    <subfield code="2">rdacarrier</subfield>
    <subfield code="3">GS-MAEDAdSup-Th</subfield>
    <subfield code="a">volume</subfield>
    <subfield code="b">nc</subfield>
  </datafield>
  <datafield tag="490" ind1=" " ind2=" ">
    <subfield code="a">GS-MAEDAdSup-Th</subfield>
  </datafield>
  <datafield tag="502" ind1=" " ind2=" ">
    <subfield code="6">Graduate thesis (Master of Arts in Education Major in Administration and Supervision) - - Foundation University, 1988.</subfield>
  </datafield>
  <datafield tag="504" ind1=" " ind2=" ">
    <subfield code="a">Includes bibliographical references and appendices.</subfield>
  </datafield>
  <datafield tag="520" ind1=" " ind2=" ">
    <subfield code="a">This study determined the profile of agriculture teachers and identified the problems encountered in teaching agriculture in the public elementary and secondary schools of Dumaguete City. It examined teacher characteristics, professional preparation, teaching experience, instructional practices, and challenges affecting the effective delivery of agriculture education. The findings served as a basis for recommendations to improve agriculture instruction in the schools.</subfield>
  </datafield>
  <datafield tag="650" ind1=" " ind2=" ">
    <subfield code="a">Agricultural education </subfield>
    <subfield code="9">17138</subfield>
    <subfield code="z">Philippines </subfield>
    <subfield code="z">Dumaguete City.</subfield>
  </datafield>
  <datafield tag="650" ind1=" " ind2=" ">
    <subfield code="a">Agriculture </subfield>
    <subfield code="9">17139</subfield>
    <subfield code="x">Study and teaching </subfield>
    <subfield code="z">Philippines </subfield>
  </datafield>
  <datafield tag="650" ind1=" " ind2=" ">
    <subfield code="a">Teachers </subfield>
    <subfield code="z">Philippines.</subfield>
    <subfield code="z">Dumaguete City.</subfield>
    <subfield code="9">17140</subfield>
  </datafield>
  <datafield tag="650" ind1=" " ind2=" ">
    <subfield code="a">Elementary school teachers </subfield>
    <subfield code="z">Philippines.</subfield>
    <subfield code="9">17141</subfield>
  </datafield>
  <datafield tag="650" ind1=" " ind2=" ">
    <subfield code="a">High school teachers </subfield>
    <subfield code="z">Philippines.</subfield>
    <subfield code="9">17142</subfield>
  </datafield>
  <datafield tag="650" ind1=" " ind2=" ">
    <subfield code="a">Education, Rural </subfield>
    <subfield code="z">Philippines.</subfield>
    <subfield code="9">17143</subfield>
  </datafield>
  <datafield tag="650" ind1=" " ind2=" ">
    <subfield code="a">Vocational education </subfield>
    <subfield code="z">Philippines.</subfield>
    <subfield code="9">17136</subfield>
  </datafield>
  <datafield tag="658" ind1=" " ind2=" ">
    <subfield code="a">Thesis Writing 2 (Pre/Final Oral Defense :</subfield>
    <subfield code="b">Administration and Supervision, Master of Arts in Education ;</subfield>
    <subfield code="c">MA 101</subfield>
  </datafield>
  <datafield tag="710" ind1=" " ind2=" ">
    <subfield code="a">Foundation University (Dumaguete City).</subfield>
    <subfield code="b">Graduate School,</subfield>
    <subfield code="e">degree granting institution.</subfield>
    <subfield code="9">12576</subfield>
  </datafield>
  <datafield tag="900" ind1=" " ind2="0">
    <subfield code="4">Sapalaran, James O., cataloger</subfield>
  </datafield>
  <datafield tag="942" ind1=" " ind2=" ">
    <subfield code="2">lcc</subfield>
    <subfield code="c">TH</subfield>
    <subfield code="n">0</subfield>
    <subfield code="h">LG 221 D35 G73</subfield>
    <subfield code="i">A6 E38 A36 1988 V55</subfield>
    <subfield code="k">GS (MAEDAdSup-Th)</subfield>
  </datafield>
  <datafield tag="999" ind1=" " ind2=" ">
    <subfield code="c">6255</subfield>
    <subfield code="d">6255</subfield>
  </datafield>
  <datafield tag="952" ind1=" " ind2=" ">
    <subfield code="0">0</subfield>
    <subfield code="1">0</subfield>
    <subfield code="2">lcc</subfield>
    <subfield code="4">0</subfield>
    <subfield code="7">4</subfield>
    <subfield code="8">NFIC</subfield>
    <subfield code="a">FOUNDATION</subfield>
    <subfield code="b">FOUNDATION</subfield>
    <subfield code="c">MAIN-THE,DISS</subfield>
    <subfield code="d">2026-06-04</subfield>
    <subfield code="e">Donated</subfield>
    <subfield code="l">0</subfield>
    <subfield code="o">GS (MAEDAdSup-Th) LG 221 D35 G73 A6 E38 A36 1988 V55</subfield>
    <subfield code="p">0232026007003006</subfield>
    <subfield code="r">2026-06-04 09:09:00</subfield>
    <subfield code="w">2026-06-04</subfield>
    <subfield code="y">TH</subfield>
    <subfield code="k">AdmSp-Th-2026006</subfield>
  </datafield>
</record>
